| 000 | 00499nam a2200181Ia 4500 | ||
|---|---|---|---|
| 008 | 240925s9999 xx 000 0 und d | ||
| 020 | _a750627247 | ||
| 082 | _a621.31042 HIN | ||
| 100 | _aHindmarsh, John; Wildi, Theodore | ||
| 245 | 0 | _aElectrical Machines and Drive Systems | |
| 250 | _a3rd | ||
| 260 |
_aBoston: _bButterworth- Heinemann _c,1996. |
||
| 300 |
_axxv,1308p. _bN.A _fOriginal |
||
| 500 | _aIncludes Index | ||
| 600 | _aElectrical Engineering | ||
| 650 | _aTechnology | ||
| 942 | _cBK | ||
| 999 |
_c4124 _d4124 |
||